00758 2200229 4500001002100000005001700021008004100038035002500079040001200104082001400116084001900130100001900149245015000168260005000318300003100368500003100399504002800430650001900458700002100477850001200498990001800510INLIS00000000001019820150814055451.0  a0010-081500000001636 aYOPDYOG 223a155.3 aSK 155.3 Ani H aANI Purwandani aHubungan antara persepsi terhadap kemampuan memenuhi kebutuhan seks suami dengan kecemasan istri menjelang menopausec/ Sri Wiwik Endang Witosari aYogyakartabUniversitas Wangsa Manggalac2006 axiv, 63 lembar. ; 29,5 cm. aSkripsi Fakultas Psikologi aBibliografi: hlm. 60-63 aPsikologi Seks aSITI Noor Fatmah aYOPDYOG a48220-PD/A.15